LEADER 01040nam 2200361 450 001 9910490742303321 005 20221018040441.0 010 $a1-78985-853-4 035 $a(CKB)4100000011987797 035 $a(NjHacI)994100000011987797 035 $a(EXLCZ)994100000011987797 100 $a20221018d2021 uy 0 101 0 $aeng 135 $aur||||||||||| 181 $ctxt$2rdacontent 182 $cc$2rdamedia 183 $acr$2rdacarrier 200 00$aCarbon capture /$fedited by Syed Abdul Rehman Khan 210 1$aLondon, England :$cIntechOpen,$d[2021] 210 4$dİ2021 215 $a1 online resource (108 pages) $cillustrations 311 $a1-78985-725-2 320 $aIncludes bibliographical references. 606 $aCarbon dioxide mitigation 615 0$aCarbon dioxide mitigation. 676 $a628.532 702 $aKhan$b Syed Abdul Rehman$f1987- 801 0$bNjHacI 801 1$bNjHacl 906 $aBOOK 912 $a9910490742303321 996 $aCarbon Capture$92828079 997 $aUNINA